000 00657nam a2200229Ia 4500
003 OSt
005 20220928102947.0
006 a|||||r|||| 00| 0
007 ta
008 220927b |||||||| |||| 00| 0 eng d
024 _a33582
037 _cReference Collections
040 _aSDCL
_cSDCL
_beng
041 _2eng
_aeng
082 _aU8.7351, L3 RR
100 _aCrouch Steve
_9401453
245 0 _aSteinbeck country
_b Photographs and words.
260 _aUSA
_bAmerican West Publishing
_c1973
300 _a191p
_ccm.
942 _hU8.7351, L3 RR
_cREF
_2CC
999 _c717327
_d717327